Countries Of The World - Statistics

General Stats
  • This quiz has been taken 12 times
  • The average score is 85 of 196
Answers on the Map
Answers color-coded by a green-red scale on the quiz's map according to % correct below.
 
Answer Stats
North America % Correct
Antigua and Barbuda
89%
Bahamas
89%
Barbados
89%
Belize
89%
Costa Rica
89%
Cuba
89%
Dominica
89%
Dominican Republic
89%
El Salvador
89%
Guatemala
89%
Haiti
89%
Honduras
89%
Jamaica
89%
Albania
78%
Andorra
78%
Austria
78%
Grenada
78%
Mexico
78%
Nicaragua
78%
Panama
78%
Saint Kitts and Nevis
78%
Saint Lucia
78%
Saint Vincent and the Grenadines
78%
Argentina
67%
Belarus
67%
Belgium
67%
Bolivia
67%
Bosnia andHerzegovina
67%
Brazil
67%
Canada
67%
Chile
67%
Columbia
67%
Czech Republic
67%
Denmark
67%
Ecuador
67%
France
67%
Germany
67%
Guyana
67%
Hungary
67%
Iceland
67%
Ireland
67%
Kosovo
67%
Latvia
67%
Liechtenstein
67%
Lithuania
67%
Luxembourg
67%
Malta
67%
Monaco
67%
Montenegro
67%
Paraguay
67%
Peru
67%
Romania
67%
San Marino
67%
Serbia
67%
Trinidad and Tobago
67%
United Kingdom
67%
Uruguay
67%
Vatican City
67%
Venezuela
67%
Angola
56%
Bulgaria
56%
Croatia
56%
Estonia
56%
Finland
56%
Italy
56%
Netherlands
56%
North Macedonia
56%
Norway
56%
Poland
56%
Portugal
56%
Russia
56%
Slovakia
56%
Slovenia
56%
Spain
56%
Suriname
56%
Switzerland
56%
Afghanistan
44%
Algeria
44%
Australia
44%
Benin
44%
Botswana
44%
Burkina Faso
44%
Burundi
44%
Cameroon
44%
Fiji
44%
Greece
44%
Kiribati
44%
Marshall Islands
44%
Micronesia
44%
Moldova
44%
Nauru
44%
New Zealand
44%
Palau
44%
Papua New Guinea
44%
Sweden
44%
Ukraine
44%
Bahrain
33%
Bangladesh
33%
Bhutan
33%
Cambodia
33%
Cape Verde
33%
Chad
33%
China
33%
Djibouti
33%
East Timor
33%
Egypt
33%
Equatorial Guinea
33%
Eritrea
33%
Ethiopia
33%
Gabon
33%
Ghana
33%
Guinea
33%
Guinea-Bissau
33%
Indonesia
33%
Iran
33%
Iraq
33%
Japan
33%
Jordan
33%
Kazakhstan
33%
Kuwait
33%
Kyrgyzstan
33%
Laos
33%
Malaysia
33%
Nepal
33%
Samoa
33%
Solomon Islands
33%
Tonga
33%
Tuvalu
33%
Vanuatu
33%
Armenia
22%
Azerbaijan
22%
Brunei
22%
Central African Republic
22%
Comoros
22%
Cyprus
22%
Democratic Republic of the Congo
22%
Gambia
22%
India
22%
Israel
22%
Kenya
22%
Lebanon
22%
Liberia
22%
Libya
22%
Madagascar
22%
Malawi
22%
Mali
22%
Mauritania
22%
Mauritius
22%
Mongolia
22%
Mozambique
22%
Myanmar
22%
Namibia
22%
Niger
22%
Nigeria
22%
North Korea
22%
Oman
22%
Pakistan
22%
Philippines
22%
Qatar
22%
Rwanda
22%
São Tomé and Príncipe
22%
Singapore
22%
Sri Lanka
22%
Taiwan
22%
Tajikistan
22%
Thailand
22%
Turkey
22%
Turkmenistan
22%
United Arab Emirates
22%
Uzbekistan
22%
Vietnam
22%
Congo
11%
Cote d'Ivoire
11%
Georgia
11%
Lesotho
11%
Maldives
11%
Morroco
11%
Saudi Arabia
11%
Senegal
11%
Seychelles
11%
Sierra Leone
11%
Somalia
11%
South Africa
11%
South Korea
11%
South Sudan
11%
Sudan
11%
Swaziland
11%
Syria
11%
Tanzania
11%
Togo
11%
Tunisia
11%
Uganda
11%
Yemen
11%
Zambia
11%
Zimbabwe
11%
United States of America (USA)
0%
No matching quizzes found
Score Distribution
Percent of People with Each Score
Percentile by Number Answered
Your Score History
You have not taken this quiz